| 000 | 00642nam a2200181 4500 | ||
|---|---|---|---|
| 001 | 128086 | ||
| 003 | ES-MaACL | ||
| 005 | 20230906193147.0 | ||
| 007 | t| | ||
| 008 | 070214s1916 sp r ||||1| spa d | ||
| 100 | 1 |
_aRocafull de Montes, José. _998023 |
|
| 245 | 1 | 0 |
_aMemoria del curso de 1915-1916 / _cJosé Rocafull de Montes. |
| 260 |
_aAlmería : _b[s.n.], _c1916 ( _fTalls. Gráf. Sempere) |
||
| 500 | _aPrecede al Tit : Escuela de Artes e Industrias de Almería. | ||
| 610 | 2 |
_aEscuela de Artes y Oficios de Almería- _vMemorias. _9148588 |
|
| 710 | 2 |
_aEscuela de Artes e Industrias de Almería. _93522 |
|
| 852 |
_aES-MaACL _j1510-F-2 |
||
| 999 |
_c128086 _d128086 |
||